| 000 | 01096cab a2200181 4500 | ||
|---|---|---|---|
| 001 | ##L133377 | ||
| 008 | 060504n2006 000 0 eng u | ||
| 035 | _a(Sirsi) u133377 | ||
| 041 | 0 | _aeng | |
| 100 | 1 | _aLawson, David | |
| 245 | 0 | 0 |
_aBack to basics _bfacilities management |
| 260 | _c2006 | ||
| 490 | 0 |
_aProperty Week _v71(17) 28 April 2006, 137(1) |
|
| 520 | _aOccupiers are beginning to recognise the benefits of using outsource facilities management companies. They are seen as being beneficiary in not only cutting costs, but also as a strategic tool in deciding how much space they need, and where. This includes being part of an advanced taskforce involved in quizzing agents about how buildings work, rather than allowing real estate managers to make decisions based on rent. Some critics believe that flexible long-term occupancy contracts are the way forward because they allow the occupier to retain control of the property, while surplus space can be turned into an asset by letting it out. | ||
| 590 | _aIKA090506 | ||
| 690 | _aMANAGEMENT-FACILITIES MANAGEMENT | ||
| 942 | _n0 | ||
| 999 |
_c76965 _d76965 |
||